Kantony szwajcarskie z francuskim jako język urzędowy - Statystyki

Ogólne statystyki
  • Ten quiz został rozwiązany 36 razy
  • Średni wynik to 4 z 6
Statystyki odpowiedzi
Język (i)
urzędowe
Kanton % Poprawnych
francuski Genewa
96%
francuski Jura
64%
francuski Neuchâtel
61%
francuski, niemiecki Valais
61%
francuski Vaud
61%
francuski, niemiecki Fryburg
43%
Nie znaleziono quizów pasujących do podanych kryteriów
Rozkład punktacji
Procent ludzi z każdym wynikiem
Percentyl według liczby udzielonych odpowiedzi
Twoja historia wyników
Nie rozwiązałeś tego quizu